000 00443cam a22001337a 4500
008 180718b2004 xxu||||| |||| 00| 0 eng d
082 _aA81x54 01/17TH
100 _aCensus of India 2001
245 _aTripura: tables on houses, household amenities and assets
260 _aDelhi
_bThe Controller of Publications
_c2004
300 _a402+p.
440 _aCensus of India 2001. Series-17, Tripura
650 _aHousehold surveys - India - Tripura
999 _c489063
_d489063